|
|
|
|
| LEADER |
00000nab a2200000 a 4500 |
| 001 |
vtls009151313 |
| 003 |
SK-MaSNL |
| 005 |
20260303234808.0 |
| 008 |
140625c1974 xo wr|||||||||000 b|slo |
| 015 |
|
|
|a SNBRB2007/10
|2 snkbucl
|
| 038 |
|
|
|a SNKBUCL
|
| 040 |
|
|
|a SNKBUCL
|b slo
|c SNKBUCL
|e AACR2
|
| 041 |
0 |
|
|a slo
|
| 044 |
|
|
|a xo
|c SK
|
| 080 |
|
|
|a 797.212.2
|2 2001
|
| 100 |
1 |
|
|a Jureňa, Milan
|4 aut
|9 1272762
|
| 245 |
1 |
0 |
|a Biela Orava
|b (plavba kajakom)
|
| 300 |
|
|
|b Obr.
|
| 650 |
0 |
7 |
|a kajakárstvo
|2 snkbucl
|9 14048
|
| 773 |
0 |
|
|t Krásy Slovenska
|g Roč. 51, č. 4 (1974), s. 182
|
| 852 |
|
|
|a SNK
|b KIS3GCP
|
| 999 |
|
|
|c 2522708
|d 2524638
|